General Knowledge #22 - Statistics

General Stats
  • This quiz has been taken 73 times
  • The average score is 11 of 15
Answer Stats
Question Answer % Correct
Avenue des Champs-Élysées is a famous boulevard in which capital city? Paris
92%
What is the Japanese name given to the ancient art of paper folding? Origami
91%
The Wimbledon Championships is an annual event in which sport? Tennis
89%
What is the largest planet in our solar system? Jupiter
88%
Who was granted the title Duke of Cambridge prior to his 2011 marriage? Prince William
82%
The Kevin Costner films Bull Durham & Field of Dreams feature which sport? Baseball
80%
Sunflowers is the title of two 1880s series of still life works by which artist? Vincent van Gogh
80%
Who voiced the character of Woody the cowboy in the Toy Story films? Tom Hanks
78%
Juan Perón served three terms as president of which country? Argentina
74%
In which sea would you find the island of Aruba? The Caribbean Sea
68%
The city of Brisbane is the capital of which Australian state? Queensland
66%
Who was US President at the end of World War Two? Harry S. Truman
58%
‘Gunga Din’, ‘Mandalay’ and ‘If-‘ are all poems by which British writer? Rudyard Kipling
48%
‘Popular’ & ‘Defying Gravity’ are songs from which successful musical? Wicked
48%
In which European city would you find the Spanish Riding School? Vienna
34%
No matching quizzes found
Score Distribution
Percent of People with Each Score
Percentile by Number Answered
Your Score History
You have not taken this quiz